Law of trade marks : (Record no. 78947)

MARC details
000 -LEADER
fixed length control field 00748nam a22002177a 4500
005 - DATE AND TIME OF LATEST TRANSACTION
control field 20130911111218.0
010 ## - LCCN (DPL NO)
LC control number ENG-108403
020 ## - INTERNATIONAL STANDARD BOOK NUMBER
Terms of availability 3295.00
International Standard Book Number 9788180389252
035 ## - SYSTEM CONTROL NUMBER
System control number EN-91936
037 ## - SOURCE OF ACQUISITION
Source of stock number/acquisition DBAD/PUB
082 ## - DEWEY DECIMAL CLASSIFICATION NUMBER
Classification number 346.54088
100 ## - MAIN ENTRY--PERSONAL NAME
Personal name Kailasam, K.C.
245 00 - TITLE STATEMENT
Title Law of trade marks :
Statement of responsibility, etc by K.C. Kailasam [and] Ramu Vedaraman
Remainder of title including international registration under Madrid protocol & geographical indications /
250 ## - EDITION STATEMENT
Edition statement 3rd ed
260 ## - PUBLICATION, DISTRIBUTION, ETC. (IMPRINT)
Place of publication, distribution, etc Gurgaon
Name of publisher, distributor, etc LexisNexis
Date of publication, distribution, etc 2013
270 ## - ADDRESS
Address 14th floor, Building No 10, Tower-B, DLF Cyber City, Phase-II ,
City Gurgaon
Postal code 122002
300 ## - PHYSICAL DESCRIPTION
Extent cxxxi,2012p.
Dimensions 25cm(Hb)
500 ## - GENERAL NOTE
General note Includes index
700 ## - ADDED ENTRY--PERSONAL NAME
Personal name Vedaraman, Ramu
942 ## - ADDED ENTRY ELEMENTS (KOHA)
Source of classification or shelving scheme Dewey Decimal Classification
Item type English Books
Call number suffix KAI
Classification part 346.54088
Holdings
Withdrawn status Lost status Not for loan Collection code Home library Current library Date acquired Source of acquisition Cost, normal purchase price Full call number Barcode Copy number Cost, replacement price Koha item type
    Not For Loan Non-fiction D.B.Act.Division D.B.Act.Division 30/08/2013 DBAD / PUB 3295.00 346.54088 KAI EN-91936 1 3295.00 English Books

© Delhi Public Library
Hit Counter
free hit counter